banner-ar

THE USBORNE ILLUSTRATED DICTIONARY OF SCIENCE: PHYSICS AND CHEMISTRY AND BIOLOGY FACTS. / (Record no. 13080)

MARC details
000 -الفاتح
حقل البيانات ثابتة الطول 00581nam a2200205Ia 4500
008 - عناصر البيانات ثابتة الطول - معلومات عامة
حقل البيانات ثابتة الطول 140319s9999 xx 000 0 eng d
040 ## - مصدر الفهرسة
وكالة الفهرسة الأصلية GCL /
وكالة النسخ GCL
082 04 - رقم تصنيف ديوى العشرى
رقم التصنيف 500
رقم المادة S U
100 1# - المدخل الرئيسى - إسم شخصى
الإسم الشخصى STOCKLEY, CORINNE.
245 10 - بيان العنوان
العنوان THE USBORNE ILLUSTRATED DICTIONARY OF SCIENCE: PHYSICS AND CHEMISTRY AND BIOLOGY FACTS. /
بيان المسئوليه,etc STOCKLEY, CORINNE.
700 1# - المدخل الاضافى - اسم شخصى
الإسم الشخصى OXLADE, CHRIS.
700 1# - المدخل الاضافى - اسم شخصى
الإسم الشخصى WRETHEIM, JANE.
260 ## - PUBLICATION, DISTRIBUTION, ETC. (IMPRINT)
تاريخ النشر أو التوزيع 1988
300 ## - الوصف المادى
التعداد 384 P
650 04 - المدخل الاضافى بالموضوع-مصطلح موضوعى
مصطلح موضوعي PHYSICS
650 04 - المدخل الاضافى بالموضوع-مصطلح موضوعى
مصطلح موضوعي BIOLOGY
650 04 - المدخل الاضافى بالموضوع-مصطلح موضوعى
مصطلح موضوعي CHEMISTRY
942 ## - عناصر المدخل الإضافي( كوها)
مصدر التصنيف او مخطط الترفيف Dewey Decimal Classification
Koha [default] item type كتاب
260 ## - PUBLICATION, DISTRIBUTION, ETC. (IMPRINT)
-- [S.N] :
-- USBORNE PUBLISHING LTD ،
Holdings
حالة التراجع حالة الفقد حالة تلف ليس للاعارة المكان المؤقت الموقع الحالى تاريخ الاكتساب اجمالي اﻻعارات رقم الطلب الباركود تاريخ اخر مشاهدة تاريخ تفعيل السعر نوع وعاء كوها
        مكتبة القاهرة الكبرى مكتبة القاهرة الكبرى 03/26/2014   500\S U 25254 03/26/2014 03/26/2014 كتاب

Powered By

EGPV